000 00918nam a2200337 a 4500
003 AR-BaBNM
005 20251128210702.0
008 082120s2002 ||||||||||||||000 | spa||
040 _cAR-BaBNM
100 1 _aFerrer, Aldo
245 0 0 _aCrisis y alternativas de la política económica argentina
260 _aBuenos Aires
_bFondo de Cultura Económica
_c1987
300 _a154 p.
490 0 _aObras de economía
500 _aContiene apéndice y referencias bibliográficas para consultar
650 4 _aSIGLO VEINTE
650 4 _aIDEOLOGIAS POLITICAS
650 4 _aPOLITICA SOCIAL
650 4 _aPOLITICA
650 4 _aFINANZAS
650 4 _aDEUDA PUBLICA
650 4 _aPOLITICA ECONOMICA
650 4 _aPOLITICA INTERNA
650 4 _aCRISIS POLITICAS
650 4 _aLIBERALISMO
651 4 _aArgentina
653 _aPOSTGUERRA
653 _aPERONISMO
942 _cBK
998 _cMariana
999 _c16436
_d16436